000 00848nab a2200253 u 4500
001 11406
003 HDC
007 cr bn ---aaaaa
008 210207c mydr|nes 0 a eng d
040 _aHDC
100 _aEaster, Gabrielle,
_eauthor
_911719
245 0 _aSouth Korea ups export goal /
_cby Gabrielle Easter
260 _a[no place] :
_b[publisher not identified],
_c[no year]
336 _atext
_2rdacontent
337 _acomputer
_2rdamedia
338 _aonline resource
_2rdacarrier
650 _aAgricultural exports
_96100
650 _aHalal food market
_92149
710 _aFruitnet.com
856 _zRequest full-text at [email protected]
942 _2lcc
942 _cNEWS
942 _kNWSO 000319
999 _c8729
_d8729